ACROSS: A COMPLETE REVIEW OF SHORT SUBJECT (Record no. 8332)

MARC details
000 -LEADER
fixed length control field 00348nam a22001577a 4500
003 - CONTROL NUMBER IDENTIFIER
control field SGT
020 ## - INTERNATIONAL STANDARD BOOK NUMBER
International Standard Book Number 978-93-5152-659-9
082 ## - DEWEY DECIMAL CLASSIFICATION NUMBER
Classification number 610, A15S
100 ## - MAIN ENTRY--PERSONAL NAME
Personal name SHUKLA, SAUMYA
245 ## - TITLE STATEMENT
Title ACROSS: A COMPLETE REVIEW OF SHORT SUBJECT
250 ## - EDITION STATEMENT
Edition statement 7TH
260 ## - PUBLICATION, DISTRIBUTION, ETC. (IMPRINT)
Place of publication, distribution, etc DELHI
Name of publisher, distributor, etc JAYPEE
Year of Publication 2015
300 ## - PAGE DESCRIPTION
No. of Pages 688
650 ## - SUBJECT ADDED ENTRY--TOPICAL TERM
Topical term or geographic name as entry element MEDICINE
942 ## - ADDED ENTRY ELEMENTS (KOHA)
Source of classification or shelving scheme Dewey Decimal Classification
Koha item type Books
942 ## - ADDED ENTRY ELEMENTS (KOHA)
-- 2
Holdings
Withdrawn status Lost status Source of classification or shelving scheme Damaged status Not for loan Collection code Home library Current library Shelving location Date acquired Vendor Name Volume Information (Serial or Books or Non-Book Material) SGTU Bill Number Total Checkouts Full call number Accession No. (Barcode) Date last seen Date last borrowed Bill Date Koha item type
    Dewey Decimal Classification     MEDICAL SGT Medical Library SGT Medical Library Reference Book 05/03/2016 AHUJA BOOK COMPANY II SGTU 5792 2 610, A15S FM7358 29/07/2024 03/07/2024 06/06/2015 Books
    Dewey Decimal Classification     MEDICAL SGT Medical Library SGT Medical Library Reference Book 05/03/2016 AHUJA BOOK COMPANY II SGTU 5792   610, A15S FM7359 05/03/2016   06/06/2015 Books